000 00529nam a2200193Ia 4500
008 131103s9999 xx 000 0 und d
020 _a258969571
040 _aLoreto College
041 _aEnglish
082 _a372/LAS
_bLCLIB/
100 _aLaslett,Robert
245 _aEducating maladjusted children
_cRobert Laslett
260 _aLondon
_bCrosby
_cc 1977
300 _ax,269 p.
_c 23 cm.
504 _aIncludes bibliographical references and index
650 _aElementary Education
850 _aLCLIB
942 _cBK
999 _c10983
_d61462